000
00203 a2200097 4500
001
3640
100
_a
Mayer, A
245
_a
Pilot project India
260
_a
_b
California press
_c
090
_c
2902
_d
2902
942
_a
NUST-CAE
_c
M
_c
21136
999
_c
238713
_d
238713